[Event "EIWCC 2017"]
[Site "Riga"]
[Date "2017.04.17"]
[Round "7"]
[White "Olde, Margareth"]
[Black "Antova, Gabriela"]
[Result "1/2-1/2"]
[WhiteElo "2110"]
[BlackElo "2335"]
[Annotator "TA"]
[PlyCount "113"]
[EventDate "2017.??.??"]
[EventType "swiss"]
[EventCountry "LAT"]
[SourceTitle "playchess.com"]
[Source "ChessBase"]
[SourceQuality "1"]

{[%evp 19,113,-42,-36,-60,-62,-64,-63,-65,-48,-50,-58,-65,-55,-51,-63,-52,-46,-46,-46,-52,-39,-62,-39,-60,-41,-81,-89,-93,-105,-115,-83,-125,-118,-192,-101,-99,-107,-101,-105,-120,-106,-121,-109,-107,-108,-104,0,0,0,0,0,0,85,80,80,72,85,62,25,19,105,115,177,182,235,156,150,166,169,160,289,259,304,281,241,128,290,278,415,339,455,242,228,0,431,169,159,0,410,401,293,0,233,0,261,0]} 1. d4 d5 2. c4 e6 3. Nf3 Nf6 4. g3 Be7 5. Bg2 O-O 6. Qc2 dxc4 7. Qxc4 a6 8. O-O b5 9. Qc2 Bb7 10. Nc3 Nbd7 {[%cal Bb8d7,Bd7b6,Bb6c4][%mdl 32]} 11. e3 {E05: Open Catalan: 5 Nf3 Be7} (11. a3 c5 12. dxc5 Bxc5 13. Bf4 Rc8 14. Rac1 Qb6 15. Qb1 Ng4 16. e3 e5 17. Bg5 h6 18. b4 Bxe3 19. Bxe3 Nxe3 20. fxe3 Qxe3+ {0-1 (26) Silva,F (2367)-Johannessen,L (2522) Vila Nova de Gaia 2010}) 11... c5 12. a3 Rc8 13. Qe2 {Black is slightly better.} cxd4 14. exd4 $146 (14. Nxd4 Bxg2 15. Kxg2 Ne5 16. f4 Nc6 17. Nxc6 Rxc6 18. Rd1 Qa8 {0-1 (47) Zaichenko,D (2085)-Pustovoitova,D (2235) Rybinsk 2008}) 14... Nb6 15. Rd1 h6 16. Bd2 Nc4 17. Be1 Re8 18. Ne5 Bxg2 19. Kxg2 Qb6 20. f3 Qb7 21. Kg1 Red8 22. Nxc4 Rxc4 23. Bf2 Rdc8 24. Qe3 Nd5 25. Nxd5 Qxd5 26. Rac1 (26. Qe4 $17) 26... Bg5 (26... Rxc1 $19 27. Rxc1 Rxc1+ 28. Qxc1 Qxf3) 27. Rxc4 $17 Qxc4 28. f4 Bf6 29. h4 h5 30. Kh2 Qc2 31. Rd2 Qf5 32. Qe2 Rc1 {[#]} ({Black should try} 32... g6 $17 33. Qf3 Kg7) 33. d5 $1 $11 {[%mdl 512]} exd5 34. Qe8+ Kh7 {Threatens to win with ...Bxh4!} 35. Qxf7 Qe4 (35... d4 $11 {keeps the balance.}) 36. Qxh5+ $16 Kg8 {[%csl Gc1][%cal Re4h1]} 37. Qxd5+ Qxd5 38. Rxd5 {[%mdl 4096] Endgame KRB-KRB} Rc2 39. Kg2 {With the idea b4.} Bxb2 (39... Rxb2 $11 40. Rd3 Ra2) 40. Rd3 $1 Bf6 (40... a5 $16) 41. Kf3 $18 Be7 {[#]} (41... Rc3 $142 42. Rxc3 Bxc3) 42. Be1 $1 Rc4 {[#]} 43. Rb3 $1 Kf7 44. h5 Bf8 (44... Rd4 $16 45. Bb4 Bd8) 45. Bb4 Be7 46. Bxe7 Kxe7 {KR-KR} 47. Kg4 (47. g4 $18) 47... Kf6 $2 (47... Rc5 $16 48. Kh4 a5) 48. Rd3 Ra4 (48... Ke7 $142 49. Kg5 Rc6) 49. Kh4 Kf5 50. Re3 (50. g4+ $142 Ke6 51. Kg5) 50... Re4 51. Rd3 $2 (51. Rf3) 51... Ra4 $1 52. Kh3 $2 (52. g4+ Kxf4 53. Rd7 Rxa3 54. Rxg7) 52... Ke6 53. Kg4 $2 (53. Re3+ $16 Kf5 54. Kh4) 53... Kf6 $1 54. Rd6+ Ke7 55. Rd3 Kf6 $1 56. Rd6+ Ke7 57. Rd3 $2 ({Better is} 57. Rb6 $18) 1/2-1/2

[Event "EIWCC 2017"]
[Site "Riga"]
[Date "2017.04.17"]
[Round "7"]
[White "Azimova, Karina"]
[Black "Mamedjarova, Turkan"]
[Result "0-1"]
[WhiteElo "2072"]
[BlackElo "2267"]
[Annotator "TA"]
[PlyCount "72"]
[EventDate "2017.??.??"]
[EventType "swiss"]
[EventCountry "LAT"]
[SourceTitle "playchess.com"]
[Source "ChessBase"]
[SourceQuality "1"]

{[%evp 15,72,53,64,0,0,-49,-42,-42,-49,-50,-57,-51,-63,-51,-33,-45,-3,-9,47,-41,5,-15,-12,-33,-24,-52,-22,-105,-86,-199,-222,-226,-218,-282,-261,-310,-311,-380,-255,-414,-381,-506,-514,-489,-503,-774,-762,-29989,-29990,-29990,-29968,-29958,-29957,-29990,-29991,-29994,-29995,-29995,-29996]} 1. e4 e5 2. Nc3 Bc5 3. Bc4 Nf6 4. f4 d6 5. Nf3 Nc6 6. d3 Bg4 7. Na4 Qe7 8. Nxc5 dxc5 9. c3 {C30: King's Gambit Declined} (9. Bb5 $1 $14) (9. Bb5 O-O-O 10. Bxc6 bxc6 11. O-O exf4 12. Bxf4 c4 13. Qe1 Bxf3 14. Rxf3 cxd3 15. cxd3 Qc5+ 16. Be3 Qb5 17. a4 Qa6 18. Ra3 Rxd3 19. Qe2 Rhd8 20. Bd4 R8xd4 21. Rfxd3 Rxe4 22. Rd8+ {1-0 (22) Ledger,D (2282)-Rayner,F (2181) Scarborough 2013}) 9... O-O-O 10. Qe2 $146 (10. Qc2 exf4 11. Bxf4 Na5 12. Bb5 a6 13. Ba4 c4 14. O-O-O cxd3 15. Rxd3 Rxd3 16. Qxd3 Rd8 {0-1 (46) Mustafina,D (1827)-Krjukova,E (2166) Khanty-Mansiysk 2007}) 10... exf4 11. Bxf4 {Black is slightly better.} Nh5 12. Qe3 $1 h6 13. O-O-O g5 14. Bg3 $1 Nxg3 (14... Na5 $5 {creates asymmetry.} 15. Bb5 a6 16. Ba4 f5 17. Qe2 Kb8) 15. hxg3 Be6 (15... f6 $5 {feels hotter.} 16. Kb1 Kb8 17. Bb3 Qd6 18. Qf2 f5) 16. Bxe6+ Qxe6 (16... fxe6 $11 17. g4 e5) 17. Kb1 ({White should try} 17. Qxc5 $14 Qxa2 18. d4) 17... Qd6 18. Qf2 Rhe8 19. Rhe1 b6 20. Nh2 Qg6 21. g4 {[#]} (21. b3 $11) 21... c4 $1 $36 {[%cal Bc5c4,Bc4d3][%mdl 2592] Black is in control.} 22. Qe2 (22. d4 $17 {was worth a try.}) (22. dxc4 Rxd1+) 22... Qd6 $19 {[%cal Rc4d3]} 23. Nf3 cxd3 24. Qd2 Kb7 25. b4 a6 26. a4 Qe6 27. Qa2 $2 (27. b5 axb5 28. axb5) 27... Qxg4 28. b5 axb5 ({Weaker is} 28... Rxe4 29. bxc6+ Kxc6 30. a5 $15) 29. axb5 Na5 ({But not} 29... Rxe4 $2 30. Qa6+ (30. bxc6+ Kxc6 31. Rxe4 Qxe4 $11) 30... Kb8 31. bxc6 Rb4+ 32. cxb4 $18) 30. Qxf7 (30. e5 $142 Nc4 31. Nh2 Na3+ 32. Qxa3 Qxg2 33. Qa4 Qxh2 34. Re3) 30... Rxe4 31. Qf6 Rxe1 {Black mates.} 32. Rxe1 Qxg2 33. Rc1 {[#]} d2 $1 34. Rd1 Qe2 35. Kc2 Qd3+ 36. Kb2 Qxb5+ 0-1

[Event "EIWCC 2017"]
[Site "Riga"]
[Date "2017.04.17"]
[Round "7"]
[White "Kouvatsou, Maria"]
[Black "Kazarian, Anna-Maja"]
[Result "1-0"]
[WhiteElo "2016"]
[BlackElo "2257"]
[Annotator "ChessBase"]
[PlyCount "115"]
[EventDate "2017.??.??"]
[EventType "swiss"]
[EventCountry "LAT"]
[SourceTitle "playchess.com"]
[Source "ChessBase"]
[SourceQuality "1"]
[TimeControl "40/5400+30:1800+30"]

1. e4 {[%emt 0:00:00]} e6 {[%emt 0:00:03]} 2. d3 {[%emt 0:00:00]} c5 {[%emt 0:01:24]} 3. Nf3 {[%emt 0:00:04]} Nc6 {[%emt 0:00:05]} 4. g3 {[%emt 0:00:33]} d6 {[%emt 0:01:21]} 5. Bg2 {[%emt 0:00:12]} Nf6 {[%emt 0:00:19]} 6. O-O {[%emt 0:00:20]} Be7 {[%emt 0:02:01]} 7. Re1 {[%emt 0:02:06]} d5 {[%emt 0:13:38]} 8. e5 {[%emt 0:00:24]} Nd7 {[%emt 0:00:06]} 9. h4 {[%emt 0:01:49]} h6 {[%emt 0:01:51]} 10. h5 {[%emt 0:04:05]} Qc7 {[%emt 0:07:09]} 11. Bf4 {[%emt 0:04:10]} Qb6 {[%emt 0:11:03]} 12. Qc1 {[%emt 0:01:10]} Nf8 {[%emt 0:14:36]} 13. c4 {[%emt 0:09:53]} d4 {[%emt 0:07:44]} 14. a3 {[%emt 0:04:40]} Bd7 {[%emt 0:01:26]} 15. Nbd2 {[%emt 0:03:35]} O-O-O {[%emt 0:00:38]} 16. b4 {[%emt 0:15:33]} cxb4 {[%emt 0:02:11]} 17. Ne4 {[%emt 0:07:15]} bxa3 {[%emt 0:12:48]} 18. c5 {[%emt 0:01:16]} Qb2 {[%emt 0:05:32]} 19. Rxa3 {[%emt 0:01:36]} Qxc1 {[%emt 0:00:11]} 20. Rxc1 {[%emt 0:00:06]} Kb8 {[%emt 0:07:55]} 21. Rb1 {[%emt 0:20:48]} Bc8 {[%emt 0:04:25]} 22. Ra4 {[%emt 0:07:16]} Nd7 {[%emt 0:01:08]} 23. Rc4 {[%emt 0:00:18]} g5 {[%emt 0:00:55]} 24. hxg6 {[%emt 0:00:31]} fxg6 {[%emt 0:00:12]} 25. g4 {[%emt 0:01:08]} g5 {[%emt 0:00:04]} 26. Bg3 {[%emt 0:00:18]} Ka8 {[%emt 0:01:06]} 27. Nd6 {[%emt 0:01:38]} Bxd6 {[%emt 0:00:11]} 28. cxd6 {[%emt 0:00:06]} Nb6 {[%emt 0:01:02]} 29. Rc5 {[%emt 0:00:32]} Nd5 {[%emt 0:00:58]} 30. Rb3 {[%emt 0:01:43]} Bd7 {[%emt 0:00:48]} 31. Nd2 {[%emt 0:00:44]} Nc3 {[%emt 0:00:12]} 32. Ne4 {[%emt 0:03:12]} Nxe4 {[%emt 0:01:43]} 33. Bxe4 {[%emt 0:00:07]} Rc8 {[%emt 0:00:52]} 34. Rcb5 {[%emt 0:00:58]} Rb8 {[%emt 0:01:02]} 35. f3 {[%emt 0:00:39]} Rhc8 {[%emt 0:00:37]} 36. Bf2 {[%emt 0:01:51]} b6 {[%emt 0:00:39]} 37. Bxd4 {[%emt 0:00:31]} Rb7 {[%emt 0:00:14]} 38. Bf2 {[%emt 0:01:22]} Kb8 {[%emt 0:00:29]} 39. Kg2 {[%emt 0:02:54]} Nd8 {[%emt 0:00:50]} 40. Bxb7 {[%emt 0:00:00]} Kxb7 {[%emt 0:00:19]} 41. R5b4 {[%emt 0:02:41]} Nc6 {[%emt 0:01:31]} 42. Re4 {[%emt 0:03:57]} Na5 {[%emt 0:01:24]} 43. Ra3 {[%emt 0:03:45]} Rc2 {[%emt 0:09:46]} 44. Kg3 {[%emt 0:03:10]} Nc6 {[%emt 0:09:12]} 45. Re1 {[%emt 0:04:12]} Nb4 {[%emt 0:06:07]} 46. Rh1 {[%emt 0:04:56]} a5 {[%emt 0:03:39]} 47. Rxh6 {[%emt 0:00:55]} Nd5 {[%emt 0:01:13]} 48. Rg6 {[%emt 0:05:45]} a4 {[%emt 0:00:08]} 49. Rxg5 {[%emt 0:00:18]} b5 {[%emt 0:00:03]} 50. Rg7 {[%emt 0:00:22]} Kc6 {[%emt 0:01:11]} 51. g5 {[%emt 0:02:14]} Nc3 {[%emt 0:00:13]} 52. g6 {[%emt 0:02:33]} b4 {[%emt 0:00:02]} 53. Rxd7 {[%emt 0:00:54]} bxa3 {[%emt 0:02:00]} 54. g7 {[%emt 0:00:15]} Kxd7 {[%emt 0:00:43]} 55. g8=Q {[%emt 0:00:09]} a2 {[%emt 0:00:30]} 56. Qf7+ {[%emt 0:00:33]} Kc6 {[%emt 0:00:04]} 57. Qc7+ {[%emt 0:00:13]} Kb5 {[%emt 0:00:13]} 58. Qb6# 1-0

[Event "EIWCC 2017"]
[Site "Riga"]
[Date "2017.04.17"]
[Round "7"]
[White "Narva, Regina"]
[Black "Movileanu, Daniela"]
[Result "1/2-1/2"]
[WhiteElo "2000"]
[BlackElo "2213"]
[Annotator "NA"]
[PlyCount "49"]
[EventDate "2017.??.??"]
[EventType "swiss"]
[EventCountry "LAT"]
[SourceTitle "playchess.com"]
[Source "ChessBase"]
[SourceQuality "1"]
[TimeControl "40/5400+30:1800+30"]

1. e4 {[%emt 0:00:00]} c5 {[%emt 0:00:09]} 2. Nf3 {[%emt 0:00:02]} d6 {[%emt 0:00:17]} 3. c3 {[%emt 0:00:08]} Nf6 {[%emt 0:00:30]} 4. Be2 {[%emt 0:01:31]} Bg4 {[%emt 0:01:01]} 5. h3 {[%emt 0:00:50]} Bh5 {[%emt 0:00:33]} 6. O-O {[%emt 0:00:39]} e6 {[%emt 0:00:59]} 7. d4 {[%emt 0:02:19]} cxd4 {[%emt 0:02:04]} 8. cxd4 {[%emt 0:18:17]} d5 {[%emt 0:03:44]} 9. exd5 {[%emt 0:13:45]} Nxd5 {[%emt 0:04:58]} 10. Ne5 {[%emt 0:04:03]} Bxe2 {[%emt 0:02:07]} 11. Qxe2 {[%emt 0:00:00]} Nc6 {[%emt 0:11:48]} 12. Nxc6 {[%emt 0:02:15]} bxc6 {[%emt 0:00:03]} 13. Nc3 {[%emt 0:00:35]} Be7 {[%emt 0:03:28]} 14. Be3 {[%emt 0:11:54]} O-O {[%emt 0:01:38]} 15. Rac1 {[%emt 0:00:58]} Rb8 {[%emt 0:17:24]} 16. Rc2 {[%emt 0:03:45]} Qa5 {[%emt 0:06:13]} 17. Nxd5 {[%emt 0:05:57]} cxd5 {[%emt 0:02:47]} 18. b3 {[%emt 0:00:32]} Ba3 $11 {[%emt 0:04:40]} 19. Qg4 {[%emt 0:04:01]} Rfc8 {[%emt 0:15:33]} 20. Re2 {[%emt 0:02:00]} Qa6 {[%emt 0:05:45]} 21. Bf4 {[%emt 0:05:00]} Bd6 {[%emt 0:04:21]} 22. Bh6 {[%emt 0:04:12]} Bf8 {[%emt 0:00:50]} 23. Bf4 {[%emt 0:04:34]} Bd6 {[%emt 0:00:10]} 24. Bh6 {[%emt 0:00:48]} Bf8 {[%emt 0:00:05]} 25. Bf4 {[%emt 0:01:18]} 1/2-1/2

[Event "EIWCC 2017"]
[Site "Riga"]
[Date "2017.04.17"]
[Round "7"]
[White "Heinatz, Maria"]
[Black "Caglar, Sila"]
[Result "1/2-1/2"]
[WhiteElo "1990"]
[BlackElo "2093"]
[Annotator "NA"]
[PlyCount "95"]
[EventDate "2017.??.??"]
[EventType "swiss"]
[EventCountry "LAT"]
[SourceTitle "playchess.com"]
[Source "ChessBase"]
[SourceQuality "1"]
[TimeControl "40/5400+30:1800+30"]

1. Nf3 {[%emt 0:00:00]} Nf6 {[%emt 0:00:54]} 2. d4 {[%emt 0:00:00]} g6 {[%emt 0:01:36]} 3. Bg5 {[%emt 0:00:07]} d6 {[%emt 0:00:44]} 4. e3 {[%emt 0:02:36]} Bg7 {[%emt 0:03:29]} 5. Bd3 {[%emt 0:01:53]} O-O {[%emt 0:01:09]} 6. Nbd2 {[%emt 0:02:19]} Nbd7 {[%emt 0:04:24]} 7. O-O {[%emt 0:01:42]} c5 {[%emt 0:03:32]} 8. c3 {[%emt 0:04:36] A48: 1 d4 Nf6 2 Nf3 g6: Torre, London and Colle Systems} Qc7 {[%emt 0:13:36]} (8... b6 9. Re1 Bb7 10. e4 h6 11. Bh4 g5 12. Bg3 Nh5 13. d5 Nxg3 14. hxg3 Nf6 15. Nc4 {½-½ (52) Shengelia,D (2573)-Wagner,D (2569) Zillertal 2015}) 9. Re1 {[%emt 0:07:04]} Re8 {[%emt 0:08:30]} 10. e4 $146 {[%emt 0:08:41]} (10. h3 e5 11. dxe5 Nxe5 12. Bc2 d5 13. Nxe5 Qxe5 14. Nf3 Qd6 15. Bf4 Qb6 {½-½ (31) Guth,S (1728)-Kaulbars,P (1540) Offenbach 2012}) 10... h6 {[%emt 0:05:28]} 11. Bxf6 {[%emt 0:01:10]} Bxf6 {[%emt 0:04:56]} 12. Qe2 {[%emt 0:02:00]} Bg7 {[%emt 0:06:44]} 13. e5 {[%emt 0:12:54]} dxe5 {[%emt 0:06:44]} 14. dxe5 {[%emt 0:00:15]} Nf8 {[%emt 0:01:14]} 15. Bc4 {[%emt 0:09:20]} Ne6 {[%emt 0:04:51]} 16. Qe4 {[%emt 0:03:31]} Bd7 {[%emt 0:02:12]} 17. Nh4 {[%emt 0:10:01]} Rad8 {[%emt 0:09:10]} 18. Ndf3 {[%emt 0:04:38]} ({Much weaker is} 18. Nxg6 b5 19. Bd5 Ng5 $17) 18... Bc6 {[%emt 0:03:53]} 19. Qg4 {[%emt 0:01:56]} h5 {[%emt 0:01:40]} 20. Qg3 {[%emt 0:00:26]} ({White should try} 20. Qh3 $1 $14 Nf8 {[#]} 21. Nxg6 $1 {[%mdl 512]}) 20... Bd5 {[%emt 0:01:11]} 21. Bb5 {[%emt 0:05:36]} Bc6 {[%emt 0:01:06]} 22. Bc4 {[%emt 0:00:08]} Bd5 {[%emt 0:01:11]} 23. Bb5 {[%emt 0:00:04]} Rf8 {[%emt 0:00:29]} 24. Ng5 {[%emt 0:02:22]} Nxg5 {[%emt 0:04:05]} 25. Qxg5 {[%emt 0:00:01]} Be6 {[%emt 0:00:11]} 26. Qe3 {[%emt 0:02:45]} Rd5 {[%emt 0:02:01]} 27. Nf3 {[%emt 0:00:32]} c4 {[%emt 0:00:39]} 28. Ba4 {[%emt 0:00:51]} Bg4 {[%emt 0:00:42]} 29. e6 {[%emt 0:05:39]} Bxe6 {[%emt 0:01:27]} 30. Bc2 $17 {[%emt 0:00:52]} Bg4 {[%emt 0:04:40]} 31. Qxe7 {[%emt 0:02:57]} Qxe7 {[%emt 0:00:09]} 32. Rxe7 {[%emt 0:00:02]} Bxf3 {[%emt 0:00:06]} 33. gxf3 {[%emt 0:00:04]} Rb5 {[%emt 0:00:20]} 34. Be4 {[%emt 0:00:55]} Rxb2 {[%emt 0:00:23]} 35. Rxb7 {[%emt 0:03:08]} Bxc3 {[%emt 0:00:32]} 36. Rc1 {[%emt 0:00:53]} Rxb7 {[%emt 0:03:13]} 37. Bxb7 {[%emt 0:00:03]} Bd4 {[%emt 0:00:47]} 38. Rxc4 {[%emt 0:00:27]} Rd8 {[%emt 0:00:13]} 39. Rc8 {[%emt 0:00:56]} Rxc8 40. Bxc8 {[%emt 0:00:00]} g5 {[%emt 0:00:54]} 41. f4 {[%emt 0:02:37]} gxf4 {[%emt 0:02:13]} 42. Kg2 {[%emt 0:00:18]} Kg7 {[%emt 0:00:10]} 43. h3 {[%emt 0:00:40]} Kf6 {[%emt 0:00:39]} 44. Ba6 {[%emt 0:00:48]} Kg5 {[%emt 0:00:41]} 45. f3 {[%emt 0:00:30]} Bc5 {[%emt 0:01:22]} 46. Bc4 {[%emt 0:00:16]} f6 {[%emt 0:00:09]} 47. Be6 {[%emt 0:01:13]} a5 {[%emt 0:00:19]} 48. Bf7 {[%emt 0:00:26]} 1/2-1/2

[Event "EIWCC 2017"]
[Site "Riga"]
[Date "2017.04.17"]
[Round "7"]
[White "Limanovska, Elizabete"]
[Black "Mammadova, Narmin"]
[Result "0-1"]
[WhiteElo "1990"]
[BlackElo "2240"]
[Annotator "NA"]
[PlyCount "68"]
[EventDate "2017.??.??"]
[EventType "swiss"]
[EventCountry "LAT"]
[SourceTitle "playchess.com"]
[Source "ChessBase"]
[SourceQuality "1"]
[TimeControl "40/5400+30:1800+30"]

1. e4 {[%emt 0:00:00]} e6 {[%emt 0:00:06]} 2. d4 {[%emt 0:00:00]} d5 {[%emt 0:00:04]} 3. Nd2 {[%emt 0:00:00]} Be7 {[%emt 0:00:08]} 4. e5 {[%emt 0:12:18]} Nh6 {[%emt 0:04:18] C03: French Tarrasch: Unusual Black 3rd moves} (4... c5 5. c3 Nc6 6. Bd3 Qb6 7. Ndf3 f6 8. Ne2 fxe5 9. Nxe5 Nxe5 10. dxe5 Bd7 11. O-O Qc7 12. c4 Qxe5 13. Bf4 Qh5 {1-0 (59) Kovalev,V (2598)-Sjugirov,S (2673) Moscow 2017}) 5. Bd3 {[%emt 0:04:24]} c5 {[%emt 0:02:22]} 6. c3 {[%emt 0:03:30]} Nc6 {[%emt 0:02:39]} 7. Ne2 {[%emt 0:01:47]} cxd4 {[%emt 0:13:41]} 8. cxd4 {[%emt 0:00:06] LiveBook: 14 Games} ({Of course not} 8. Nxd4 Nxe5 9. Bc2 O-O $15) 8... Qb6 {[%emt 0:00:55]} 9. Nf3 {[%emt 0:08:15]} Nf5 {[%emt 0:02:55]} 10. O-O {[%emt 0:01:57]} Bd7 {[%emt 0:07:07]} 11. Bb1 {[%emt 0:10:34]} h6 $146 {[%emt 0:09:11]} (11... h5 12. Bxf5 exf5 13. Bg5 Qxb2 {0-1 (59) Martinez Piqueras,C (2141)-Ladron de Guevara Pinto,P (2320) Linares 2015}) 12. g4 {[%emt 0:09:31]} Nh4 {[%emt 0:00:43]} 13. Nxh4 {[%emt 0:00:05]} Bxh4 {[%emt 0:00:01]} 14. b3 {[%emt 0:00:53]} Be7 {[%emt 0:08:52]} 15. Kh1 {[%emt 0:04:19]} O-O-O {[%emt 0:01:15]} 16. Be3 {[%emt 0:02:43]} f6 {[%emt 0:07:00]} 17. exf6 {[%emt 0:03:39]} gxf6 {[%emt 0:13:39]} 18. Nc3 $17 {[%emt 0:01:55]} Qa5 {[%emt 0:02:12]} 19. Na4 {[%emt 0:06:11]} Be8 {[%emt 0:06:44]} 20. Qe2 {[%emt 0:06:14]} h5 {[%emt 0:03:42]} 21. f3 {[%emt 0:02:30]} Qc7 {[%emt 0:03:02]} 22. Bd3 {[%emt 0:01:37]} Kb8 {[%emt 0:02:47]} 23. Rac1 {[%emt 0:00:46]} hxg4 {[%emt 0:01:37]} 24. fxg4 {[%emt 0:00:03]} Bd6 {[%emt 0:00:07]} 25. Bg1 {[%emt 0:02:50]} Qe7 {[%emt 0:03:44]} 26. Qf2 {[%emt 0:01:34]} Rh6 {[%emt 0:00:37]} 27. Nc5 {[%emt 0:01:05]} b6 {[%emt 0:03:10]} 28. Na4 {[%emt 0:01:53]} Bd7 {[%emt 0:00:33]} 29. Bb5 {[%emt 0:02:23]} Kb7 {[%emt 0:00:58]} 30. Rc3 {[%emt 0:06:05]} Rdh8 {[%emt 0:00:33]} 31. Rfc1 {[%emt 0:00:13]} Qh7 {[%emt 0:00:46]} 32. Bxc6+ {[%emt 0:02:29]} Bxc6 {[%emt 0:00:01]} 33. Rxc6 {[%emt 0:00:07]} Qe4+ {[%emt 0:00:05]} 34. Qg2 {[%emt 0:00:26]} Rxh2+ {[%emt 0:00:04]} 0-1

[Event "EIWCC 2017"]
[Site "Riga"]
[Date "2017.04.17"]
[Round "7"]
[White "Chan, Naruna"]
[Black "Mammadova, Gulnar"]
[Result "0-1"]
[WhiteElo "1981"]
[BlackElo "2357"]
[Annotator "TA"]
[PlyCount "42"]
[EventDate "2017.??.??"]
[EventType "swiss"]
[EventCountry "LAT"]
[SourceTitle "playchess.com"]
[Source "ChessBase"]
[SourceQuality "1"]

{[%evp 17,42,7,20,0,10,-4,2,0,10,-71,-12,-58,-52,-68,-31,-136,-146,-145,-137,-335,-336,-339,-331,-390,-386,-370,-372]} 1. e4 g6 2. d4 Bg7 3. Nc3 c6 4. Nf3 d6 5. Bd3 Nd7 6. O-O e5 7. dxe5 dxe5 8. Be3 Ngf6 9. Qd2 O-O 10. Rad1 {B08: Pirc Defence: Classical System} (10. h3 Qe7 11. Ne2 Re8 12. Ng3 Nc5 13. Bh6 Nxd3 14. Bxg7 Kxg7 15. cxd3 c5 16. Nh2 Ng8 17. f4 f6 18. f5 Rd8 {1-0 (60) Rapport,R (2559)-Kadric,D (2403) Plovdiv 2012}) 10... Qe7 11. Bh6 Nc5 $146 {[%cal Bd7c5,Bc5e6,Be6f4][%mdl 32]} (11... b5 12. Ne2 Re8 13. Bxg7 Kxg7 14. h3 Bb7 15. Ng3 Rad8 16. Qg5 Kh8 17. c3 Ng8 18. Bc2 f6 19. Qe3 Nb6 {½-½ (19) Krueger,A (2070)-Wicht,J (2080) Cologne 2002}) 12. Bxg7 {The position is equal.} Kxg7 13. Qg5 (13. h3 $11 {remains equal.}) 13... Re8 ({Black should play} 13... Bg4 $17) 14. Nh4 h6 15. Qe3 Ne6 16. Ne2 (16. Nf3 $15) 16... Ng4 $36 {[%mdl 2048] Black has strong initiative.} 17. Qg3 {[#]} Nf4 $1 {[%cal Rf4h5][%mdl 512] aiming for ...Nh5.} 18. Nf5+ $2 (18. h3 $17 Nh5 19. Qf3 Qxh4 20. hxg4 Bxg4 21. Qe3) (18. Nxf4 exf4) 18... gxf5 $19 19. exf5 Qg5 ({Resist} 19... Bxf5 20. Nxf4 exf4 21. Qxf4 $19) 20. h4 Nxe2+ 21. Bxe2 Qxf5 0-1

[Event "EIWCC 2017"]
[Site "Riga"]
[Date "2017.04.17"]
[Round "7"]
[White "Gundogan, Sinem Cagla"]
[Black "Calzetta Ruiz, Monica"]
[Result "0-1"]
[WhiteElo "1885"]
[BlackElo "2257"]
[Annotator "ChessBase"]
[PlyCount "72"]
[EventDate "2017.??.??"]
[EventType "swiss"]
[EventCountry "LAT"]
[SourceTitle "playchess.com"]
[Source "ChessBase"]
[SourceQuality "1"]
[TimeControl "40/5400+30:1800+30"]

1. e4 {[%emt 0:00:00]} c5 {[%emt 0:00:05]} 2. Nc3 {[%emt 0:00:00]} g6 {[%emt 0:00:20]} 3. g3 {[%emt 0:00:00]} Bg7 {[%emt 0:00:15]} 4. Bg2 {[%emt 0:00:00]} Nc6 {[%emt 0:00:44]} 5. d3 {[%emt 0:00:00]} d6 {[%emt 0:00:44]} 6. f4 {[%emt 0:00:03]} Rb8 {[%emt 0:02:41]} 7. Nf3 {[%emt 0:08:53]} b5 {[%emt 0:02:27]} 8. O-O {[%emt 0:00:55]} b4 {[%emt 0:01:00]} 9. Ne2 {[%emt 0:01:52]} Nf6 {[%emt 0:11:11]} 10. Nh4 {[%emt 0:16:08]} Qb6 {[%emt 0:03:55]} 11. h3 {[%emt 0:06:11]} O-O {[%emt 0:13:04]} 12. Be3 {[%emt 0:05:15]} Nd7 {[%emt 0:03:39]} 13. Qc1 {[%emt 0:03:51]} Nd4 {[%emt 0:03:27]} 14. Nxd4 {[%emt 0:02:11]} cxd4 {[%emt 0:00:11]} 15. Bd2 {[%emt 0:00:06]} Ba6 {[%emt 0:01:10]} 16. f5 {[%emt 0:06:26]} Rbc8 {[%emt 0:04:09]} 17. Qd1 {[%emt 0:02:04]} Ne5 {[%emt 0:02:26]} 18. Bf4 {[%emt 0:04:24]} Rc5 {[%emt 0:04:46]} 19. Rf2 {[%emt 0:04:14]} Bb5 {[%emt 0:09:38]} 20. a4 {[%emt 0:07:24]} bxa3 {[%emt 0:05:32]} 21. Rxa3 {[%emt 0:00:20]} Rfc8 {[%emt 0:00:34]} 22. b3 {[%emt 0:07:38]} Rc3 {[%emt 0:06:27]} 23. Ra2 {[%emt 0:01:59]} Bxd3 {[%emt 0:09:07]} 24. cxd3 {[%emt 0:00:29]} Nxd3 {[%emt 0:00:03]} 25. Rf1 {[%emt 0:03:47]} Nxf4 {[%emt 0:00:05]} 26. gxf4 {[%emt 0:00:06]} d3+ {[%emt 0:00:06]} 27. Kh1 {[%emt 0:04:47]} Rc2 {[%emt 0:01:31]} 28. Qg4 {[%emt 0:08:34]} Rxa2 {[%emt 0:05:25]} 29. fxg6 {[%emt 0:01:01]} Rcc2 {[%emt 0:00:02]} 30. gxh7+ {[%emt 0:00:07]} Kh8 {[%emt 0:01:25]} 31. Rg1 {[%emt 0:01:04]} Qe3 {[%emt 0:03:34]} 32. Nf5 {[%emt 0:04:07]} Qxg1+ {[%emt 0:00:04]} 33. Kxg1 {[%emt 0:00:04]} Rxg2+ {[%emt 0:00:11]} 34. Qxg2 {[%emt 0:00:01]} Bd4+ {[%emt 0:00:22]} 35. Nxd4 {[%emt 0:00:48]} Rxg2+ {[%emt 0:00:04]} 36. Kxg2 {[%emt 0:00:04]} d2 {[%emt 0:00:05]} 0-1